A HUNDRED YEARS OF OIL (Record no. 8527)
[ view plain ]
| 000 -LEADER | |
|---|---|
| fixed length control field | 00399cam a2200169ua 4500 |
| 008 - FIXED-LENGTH DATA ELEMENTS--GENERAL INFORMATION | |
| fixed length control field | 140215n1992 II |||gr||||Z||||||eng |
| 040 ## - CATALOGING SOURCE | |
| Original cataloging agency | MAIN |
| 041 ## - LANGUAGE CODE | |
| -- | English |
| 082 ## - DEWEY DECIMAL CLASSIFICATION NUMBER | |
| Classification number | 553.282 VIS |
| 082 ## - DEWEY DECIMAL CLASSIFICATION NUMBER | |
| Classification number | 553.282 VAS |
| 100 ## - MAIN ENTRY--PERSONAL NAME | |
| Personal name | VASISTHATH, S. N. |
| 245 ## - TITLE STATEMENT | |
| Title | A HUNDRED YEARS OF OIL |
| 260 ## - PUBLICATION, DISTRIBUTION, ETC. | |
| Place of publication, distribution, etc. | NEW DELHI |
| Name of publisher, distributor, etc. | VIKASH PUBLISHING HOUSE |
| Date of publication, distribution, etc. | 1992 |
| 300 ## - PHYSICAL DESCRIPTION | |
| Extent | 175: |
| Dimensions | 20CM. |
| 942 ## - ADDED ENTRY ELEMENTS (KOHA) | |
| Koha item type | Books |
| Withdrawn status | Lost status | Damaged status | Not for loan | Collection code | Home library | Current library | Shelving location | Date acquired | Full call number | Barcode | Date last seen | Copy number | Price effective from | Koha item type | Public note |
|---|---|---|---|---|---|---|---|---|---|---|---|---|---|---|---|
| TBHIS | Central Library and Information Centre Sibsagar Girls College | Central Library and Information Centre Sibsagar Girls College | HISTORY RACK | 23.06.1998 | 553.282 VIS | 15759 | 27.02.2020 | 1 | 27.02.2020 | Books | V | ||||
| REFHIS | Central Library and Information Centre Sibsagar Girls College | Central Library and Information Centre Sibsagar Girls College | HISTORY REFERENCE RACK | 23.06.1998 | 553.282 VAS | 15760 | 27.02.2020 | 2 | 27.02.2020 | Books | V |